Countries in Oceania (With A Map) - Statistics

General Stats
  • This quiz has been taken 18 times
  • The average score is 13 of 14
Answers on the Map
Answers color-coded by a green-red scale on the quiz's map according to % correct below.
 
Answer Stats
Answer % Correct
Australia
100%
Marshall Islands
100%
New Zealand
100%
Fiji
93%
Nauru
93%
Papua New Guinea
93%
Solomon Islands
93%
Kiribati
87%
Micronesia
87%
Palau
87%
Samoa
87%
Tonga
87%
Tuvalu
87%
Vanuatu
87%
No matching quizzes found
Score Distribution
Percent of People with Each Score
Percentile by Number Answered
Your Score History
You have not taken this quiz